000 00980nam a22003017a 4500
003 CHAP
005 20220329140453.0
008 971013s1979 es r 00010 spa d
010 _a52438
011 _a53410
035 _a57560
040 _cCHAP
082 _a574.5
_bR65
100 0 0 _aRos, Joandomenec.
_999826
245 1 0 _aPrácticas de ecología
_c/porJoandomenec Ros
260 _aBarcelona :
_bOmega,
_c1979
300 _a181 p.
_b: ilus. ; gráfs.
590 _aBATCH-UPD
_b10
_c20130110
_lUCH01
_h0647
590 _aBATCH-UPD
_b10
_c20130410
_lUCH01
_h0332
590 _aBATCH-UPD
_b10
_c20130914
_lUCH01
_h1228
590 _aCONVERSION
_b10
_c20130109
_lUCH01
_h1328
650 1 4 _aEcología marina.
_935183
650 1 4 _aEcología
_xManuales de laboratorio.
_935155
901 _aBK
942 _cLIBRO
949 _a574.5 R65
_bBC
_cLIBRO
_d-125146
_eLIBRO
_h50046
_i57560
_si
_t600.00
949 _a574.5 R65
_bBC
_cLIBRO
_d33724002236256
_eLIBRO
_fc.2
_gDonaciØn
_h114244
_i57560
_sb
999 _c52438
_d52438